| 000 | 00485cam a22001814a 4500 | ||
|---|---|---|---|
| 020 | _a069738506X (acidfree paper) | ||
| 040 | _cDLC | ||
| 082 | 0 | 0 | _a910 HIL 2000 A114 Or. |
| 100 | 1 | _aGetis, Arthur, | |
| 245 | 1 | 0 | _aIntroduction to geography / |
| 250 | _a7th ed. | ||
| 260 |
_aBoston : _bMcGraw-Hill, _cc2000. |
||
| 300 |
_axviii, 526 p. : _bcol. ill., col. maps ; _c28 cm. |
||
| 650 | 0 | _aGeography. | |
| 700 | 1 | _aGetis, Judith, | |
| 700 | 1 | _aFellmann, Jerome Donald, | |
| 942 | _cEK | ||
| 999 |
_c16718 _d16718 |
||